Normal view
MARC view
- Vaillant, Denise
Entry Nombre Personal
001 - NUMERO DE CONTROL
- campo de control: 42013
003 - IDENTIFICADOR DE NUMERO DE CONTROL
- campo de control: UPN
005 - FECHA Y HORA DE LA ÜLTIMA TRANSACCIÓN
- campo de control: 20210219194614.0
008 - DATOS DE LONGITUD FIJA
- campo de control de longitud fija: nabaccnnaabn|||||||||| b |nc|||||d
035 ## - NUMERO DE CONTROL
- Número de control: UPN11000014120
040 ## - FUENTE DE CATALOGACIÓN
- Lenguaje de catalogación: SPA
- Agencia de transcripción: UPN
100 1# - ENCABEZAMIENTO - NOMBRE PERSONAL
- Nombre personal: Vaillant, Denise
670 ## - FUENTE EN LA QUE SE LOCALIZARON DATOS
- Cita de la fuente: T
- Uniform Resource Identifier: http://www.redage.org/opinion/entrevista-la-dra-denise-vaillant-universidad-ort-uruguay
680 ## - NOTA PUBLICA DE ACCESO PÚBLICO
- Frase explicativa de la referencia: Dra. en Educación de la Universidad de Québec à Montréal, Canadá. Mtría. en Planeamiento y Gestión Educativa de la Universidad de Ginebra, Suiza
902 ## - CATALOGADOR
- Catalogador: EMR/261118
